000 00649nam a2200217 a 4500
999 _c4618
_d4618
001 4618
003 BD-JhCC
005 20171129101052.0
008 171129s1973 b ||||| |||| 00| 0 b d
035 _a(BD-JhCC)
040 _aBD-JhCC
_dBD-JhCC
041 _aben
082 _a321.07
_bALI 1973
100 _aআলী, মকসুদ, সৈয়দ
245 _aপ্লেটোর রিপাবলিক /
_cসৈয়দ মকসুদ আলী
260 _aঢাকা :
_bবংলা একাডেমী,
_c১৯৭৩
300 _a370 p. :
_c22cm.
650 _aPolitical Science
942 _2ddc
_cBK